000
00303nam a22001337a 4500
008
221010b ||||| |||| 00| 0 eng d
041
_a
eng
080
_a
611.085
082
_a
611.085
100
_a
15.1
101
_a
HISTOPA
245
_a
COLOR ATLAS OF HISTOPATHOLOGY
_c
CURRAN.C.R
942
_2
udc
_c
BK
999
_c
58441
_d
58441